STUDENTS GUIDE TO CORPORATE LAWS AND SEC (Record no. 1518)
[ view plain ]
| 000 -LEADER | |
|---|---|
| fixed length control field | 00350nam a2200145Ia 4500 |
| 008 - FIXED-LENGTH DATA ELEMENTS--GENERAL INFORMATION | |
| fixed length control field | 240624s9999 xx 000 0 und d |
| 041 ## - LANGUAGE CODE | |
| Language code of text/sound track or separate title | eng |
| 082 ## - DEWEY DECIMAL CLASSIFICATION NUMBER | |
| Classification number | 346.07 DAT |
| 100 ## - MAIN ENTRY--PERSONAL NAME | |
| Personal name | DATEY V S |
| 245 ## - TITLE STATEMENT | |
| Title | STUDENTS GUIDE TO CORPORATE LAWS AND SEC |
| 250 ## - EDITION STATEMENT | |
| Edition statement | (7th ed.) |
| 260 ## - PUBLICATION, DISTRIBUTION, ETC. | |
| Date of publication, distribution, etc. | 2004 |
| Place of publication, distribution, etc. | New Delhi |
| Name of publisher, distributor, etc. | Taxmann |
| 300 ## - PHYSICAL DESCRIPTION | |
| Extent | I-63, : 799 |
| 365 ## - TRADE PRICE | |
| Currency code | RS |
| Withdrawn status | Lost status | Damaged status | Not for loan | Home library | Current library | Shelving location | Date acquired | Source of acquisition | Cost, normal purchase price | Total Holds | Full call number | Barcode | Date last seen | Copy number | Price effective from | Koha item type |
|---|---|---|---|---|---|---|---|---|---|---|---|---|---|---|---|---|
| IMTN | IMTN | Rack 13-B | 12/08/2004 | SLH | 295.00 | 21767 | 346.07 DAT | 1518 | 06/24/2024 | 1 | 06/24/2024 | Books |